00251nam a22001097a 4500020001800000040000900018082001200027100001500039245001100054260005600065650002000121 a9780552175692 cNUST a823 BRO aBrown, Dan aOrigin aNew York:bCorgi Books Penguin Random House,c2017. aEnglish Fiction